Guerrilla Marketing (Record no. 30624)

MARC details
000 -LEADER
fixed length control field 00397nam a2200169Ia 4500
020 ## - INTERNATIONAL STANDARD BOOK NUMBER
ISBN 0-395-64496-8
050 ## - CALL MARK
Classification number HF 5415 .L4764/
100 ## - STATEMENT OF RESPONSIBILITY--MAIN AUTHOR NAME
Personal name Jay Conrad Levinson
245 #0 - TITLE STATEMENT
Title Guerrilla Marketing
260 ## - PUBLICATION, DISTRIBUTION, ETC. (IMPRINT)
Place of publication Boston
260 ## - PUBLICATION, DISTRIBUTION, ETC. (IMPRINT)
Name of publisher Houghton Mifflin Company
260 ## - PUBLICATION, DISTRIBUTION, ETC. (IMPRINT)
Year of publication 1993
300 ## - PHYSICAL DESCRIPTION
Number of Pages 327 p
942 ## - ADDED ENTRY ELEMENTS (KOHA)
Koha item type Books
Holdings
Withdrawn status Lost status Source of classification or shelving scheme Damaged status Not for loan Permanent Location Current Location Shelving location Date acquired Accession Number Price effective from Koha item type
    Library of Congress Classification     NILE UNIVERSITY OF NIGERIA - MAIN LIBRARY NILE UNIVERSITY OF NIGERIA - MAIN LIBRARY Items on shelf 04/23/2025 0003626 04/23/2025 Books